000 00325nam a22001457a 4500
008 230418b ||||| |||| 00| 0 eng d
020 _a9780072822045
041 _aeng
080 _a7
082 _a7DES
100 _a20
101 _aART
245 _aADAPTATION STUDYING FILM LITERATURE
_cDESMOND.M.J
942 _2udc
_cBK
999 _c59587
_d59587